God, freedom, and evil / (Record no. 10593)
[ view plain ]
| 000 -LEADER | |
|---|---|
| fixed length control field | 01873cam a2200337 i 4500 |
| 001 - CONTROL NUMBER | |
| control field | 3414409 |
| 003 - CONTROL NUMBER IDENTIFIER | |
| control field | OCoLC |
| 005 - DATE AND TIME OF LATEST TRANSACTION | |
| control field | 20250128140639.0 |
| 008 - FIXED-LENGTH DATA ELEMENTS--GENERAL INFORMATION | |
| fixed length control field | 771025r19771974miu b 000 0 eng |
| 020 ## - INTERNATIONAL STANDARD BOOK NUMBER | |
| International Standard Book Number | 0802817319 |
| Qualifying information | (paperback) |
| 020 ## - INTERNATIONAL STANDARD BOOK NUMBER | |
| International Standard Book Number | 9780802817310 |
| Qualifying information | (paperback) |
| 035 ## - SYSTEM CONTROL NUMBER | |
| System control number | (OCoLC)03414409 |
| Canceled/invalid control number | (OCoLC)283797650 |
| -- | (OCoLC)718207129 |
| 040 ## - CATALOGING SOURCE | |
| Original cataloging agency | DLC |
| Language of cataloging | eng |
| Transcribing agency | DLC |
| Modifying agency | BAKER |
| -- | NLGGC |
| -- | BTCTA |
| -- | YDX |
| -- | HNW |
| -- | YDXCP |
| -- | SINLB |
| -- | CHRRO |
| -- | IXA |
| -- | BDX |
| -- | MUU |
| -- | OCLCF |
| -- | IOG |
| -- | OCLCQ |
| -- | MNLUT |
| -- | RB0 |
| -- | DHA |
| -- | OCLCQ |
| -- | CSA |
| -- | OCLCQ |
| -- | CCH |
| -- | OCLCQ |
| -- | AU@ |
| -- | OCLCQ |
| -- | ERD |
| -- | OCLCQ |
| -- | OCLCO |
| -- | OCLCQ |
| 072 #7 - SUBJECT CATEGORY CODE | |
| Subject category code | s1th |
| Source | rero |
| 082 00 - DEWEY DECIMAL CLASSIFICATION NUMBER | |
| Classification number | 216 |
| Edition information | 19 |
| Item number | PLA 1 |
| 100 1# - MAIN ENTRY--PERSONAL NAME | |
| Personal name | Plantinga, Alvin |
| 245 10 - TITLE STATEMENT | |
| Title | God, freedom, and evil / |
| Statement of responsibility, etc. | Alvin Plantinga |
| 260 ## - PUBLICATION, DISTRIBUTION, ETC. | |
| Place of publication, distribution, etc. | Grand Rapids : |
| Name of publisher, distributor, etc. | Eerdmans, |
| Date of publication, distribution, etc. | 1977, ©1974 |
| 300 ## - PHYSICAL DESCRIPTION | |
| Extent | viii, 112 pages ; |
| Dimensions | 21 cm |
| 336 ## - CONTENT TYPE | |
| Content type term | text |
| Content type code | txt |
| Source | rdacontent |
| 337 ## - MEDIA TYPE | |
| Media type term | unmediated |
| Media type code | n |
| Source | rdamedia |
| 338 ## - CARRIER TYPE | |
| Carrier type term | volume |
| Carrier type code | nc |
| Source | rdacarrier |
| 500 ## - GENERAL NOTE | |
| General note | Reprint of the ed. published by Harper & Row, New York, issued in series: Basic conditions of life and as TB 1811 of Harper torchbooks |
| 504 ## - BIBLIOGRAPHY, ETC. NOTE | |
| Bibliography, etc. note | Includes bibliographical references |
| 505 0# - FORMATTED CONTENTS NOTE | |
| Formatted contents note | Natural atheology. The problem of evil ; Other atheological arguments -- Natural theology. The cosmological argument ; The teleological argument ; The ontological argument |
| 520 ## - SUMMARY, ETC. | |
| Summary, etc. | "In his discussion of natural theology (arguments to prove the existence of God) and natural atheology (arguments for the falsehood of theistic belief) Plantinga focuses on two of the traditional arguments: the ontological argument as an example of natural theology, and the problem of evil as the most important representative of natural atheology. Accessible to serious general readers."--Publisher's website |
| 650 #0 - SUBJECT ADDED ENTRY--TOPICAL TERM | |
| Topical term or geographic name entry element | God |
| General subdivision | Proof |
| 650 #0 - SUBJECT ADDED ENTRY--TOPICAL TERM | |
| Topical term or geographic name entry element | Good and evil |
| General subdivision | Religious aspects |
| 650 #0 - SUBJECT ADDED ENTRY--TOPICAL TERM | |
| Topical term or geographic name entry element | Free will and determinism |
| General subdivision | Religious aspects |
| 942 ## - ADDED ENTRY ELEMENTS (KOHA) | |
| Source of classification or shelving scheme | Dewey Decimal Classification |
| Koha item type | Books |
| Suppress in OPAC | No |
| Withdrawn status | Lost status | Source of classification or shelving scheme | Damaged status | Not for loan | Home library | Current Library | Shelving location | Date acquired | Total checkouts | Full call number | Barcode | Date last seen | Copy number | Price effective from | Koha item type |
|---|---|---|---|---|---|---|---|---|---|---|---|---|---|---|---|
| Dewey Decimal Classification | GRACE BIBLE COLLEGE | GRACE BIBLE COLLEGE | Philosophy and Religion | 2025-01-28 | 216 PLA | 020963 | 2025-05-01 | c.1 | 2025-01-28 | Books |